00378 2200157 4500001002100000005001500021035002000036245003000056100001300086300002800099260004100127082000800168084001400176020001800190990001200208INLIS00000000000303420250918015006 a0010-09250003811 aPacar Sobatku /cKinoysan0 aKinoysan a116 hlm ;c13,5 x 20 cm aYogyakarta :bMedia pressindo,c2006 a813 a813 KIN p a979-222-114-x a0755601